书目信息 |
| 题名: |
杰斐逊集
|
|
| 作者: | 杰斐逊 , Jefferson 著 ;Peterson , 刘祚昌 , 彼得森 , 邓红风 注释编辑 | |
| 分册: | 上 | |
| 出版信息: | 北京 三联书店 1993.9 |
|
| 页数: | 771页 | |
| 开本: | 20cm | |
| 丛书名: | 美国文库 | |
| 单 册: | ||
| 中图分类: | D771.209 | |
| 科图分类: | ||
| 主题词: | 政论--美国 | |
| 电子资源: | ||
| ISBN: | 7-108-00637-5 | |
| 000 | 01278nam2 2200361 45 | |
| 001 | 0194027316 | |
| 005 | 20070731101931.85 | |
| 010 | @a7-108-00637-5@b精装@dCNY38.00 | |
| 100 | @a19940713d1993 em y0chiy0121 ea | |
| 101 | 1 | @achi@ceng |
| 102 | @aCN@b110000 | |
| 105 | @ay z 000yd | |
| 200 | 10 | @a杰斐逊集@AJIE FEI XUN JI@h上@f(美)杰斐逊(Jefferson,Thomas)著@F( MEI ) JIE FEI XUN (Jefferson,Thomas) ZHU@g(美)彼得森(Peterson,M.D.)注释编辑@g刘祚昌,邓红风译 |
| 210 | @a北京@c三联书店@d1993.9 | |
| 215 | @a771页@d20cm | |
| 225 | 2 | @a美国文库 |
| 300 | @a注释编辑者原题:梅利尔·D·彼得森 | |
| 300 | @a书名原文:Thomas jefferson writings | |
| 330 | @a本书包括:自传、英属美利坚权利概观、弗吉尼亚纪事、政府文件、演说、咨文和答复、杂集和注释。 | |
| 410 | 0 | @120010@a美国文库 |
| 510 | 1 | @aThomas Jefferson writings@zeng |
| 540 | 1 | @a杰斐逊集@AJIE FEI XUN JI |
| 600 | 1 | @a杰佛逊@bT.@x文集 |
| 606 | @a政论@y美国 | |
| 690 | @aD771.209@v4 | |
| 701 | 1 | @a杰斐逊@AJIE FEI XUN@b托马斯@4著 |
| 701 | A1 | @aJefferson@bT.@4著 |
| 702 | A1 | @aPeterson@bM.D.@4注释编辑 |
| 702 | 0 | @a刘祚昌@ALIU ZUO CHANG@4译 |
| 702 | 1 | @a彼得森@ABI DE SEN@b梅利尔·D·@4注释编辑 |
| 702 | 0 | @a邓红风@ADENG HONG FENG@4译 |
| 801 | 0 | @aCN@bTSSF@c20070731 |
| 905 | @a10447@dD771.209@e335:1 | |
| 杰斐逊集.上/(美)杰斐逊(Jefferson,Thomas)著/(美)彼得森(Peterson,M.D.)注释编辑/刘祚昌,邓红风译.-北京:三联书店,1993.9 |
| 771页;20cm.-(美国文库) |
| 注释编辑者原题:梅利尔·D·彼得森.-书名原文:Thomas jefferson writings |
| ISBN 7-108-00637-5(精装):CNY38.00 |
| 本书包括:自传、英属美利坚权利概观、弗吉尼亚纪事、政府文件、演说、咨文和答复、杂集和注释。 |
| ● |
| 相关链接 |
|
|
|
|
正题名:杰斐逊集
索取号:D771.209/335:1
 
预约/预借
| 序号 | 登录号 | 条形码 | 馆藏地/架位号 | 状态 | 备注 |
| 1 | 0789342 | 207893421 | 第一样本阅览室/ [索取号:D771.209/335:1] | 在馆 |